| 000 | 00533nam a2200169 i 4500 | ||
|---|---|---|---|
| 001 | 133532 | ||
| 003 | ES-MaACL | ||
| 005 | 20230906194435.0 | ||
| 007 | t| | ||
| 008 | 070820s1949 sz ||||1| ger d | ||
| 100 | 1 |
_aWolff, Hans Matthias. _9117253 |
|
| 245 | 1 | 4 |
_aDie Weltanschauung der deutchen Aufklèarung in geschichtlicher Entwicklung / _cHans M. Wolff. |
| 260 |
_aBern : _bA. Franke, _c1949. |
||
| 300 |
_a267 p. ; _c23 cm. |
||
| 651 | 4 |
_aAlemania- _xVida intelectual- _yS.XVIII. _97673 |
|
| 852 |
_aES-MaACL _jD-6751 _bR.31734 |
||
| 999 |
_c133532 _d133532 |
||